| 000 | 00000nas 2200000za 4500 |
| 001 | 9.864441 |
| 003 | CaOODSP |
| 005 | 20221107161536 |
| 007 | cr ||||||||||| |
| 008 | 181108d19181946oncan p oss f000#b0fre|d |
| 040 | |aCaOODSP|bfre |
| 041 | |aeng|afre |
| 043 | |an-cn--- |
| 086 | 1 |aCS35-D-29-PDF|zCS35-204-PDF |
| 245 | 04|aThe lumber industry in Canada |h[ressource électronique]. |
| 246 | 13|aLumber industry |f1919-1922 |
| 246 | 13|aLumber industry in Canada = |bL'industrie du bois au Canada|f1936-1946 |
| 246 | 14|aPreliminary report on the lumber industry in Canada |f1926, 1934-1946 |
| 246 | 14|aReport on the lumber industry in Canada |f1927-1933 |
| 246 | 15|aRapport préliminaire sur l'industrie du bois au Canada|f1934-1946 |
| 260 | |a[Ottawa] : |bDominion Bureau of Statistics, |c[1918?]-1948. |
| 300 | |a25 v. |
| 310 | |aAnnuel (irrégulier) |
| 362 | 0 |a1918-1946. |
| 500 | |aTitre pris sur la titre de départ. |
| 500 | |aTitre de la couv., 1926, 1934-1946: Preliminary report on the lumber industry in Canada. |
| 500 | |aÉdition numérisée de l’imprimé [par Statistique Canada] |
| 515 | |aLes livr. de 1920, 1923-1925 n'ont pas été publ. |
| 515 | |aPas de rapport final pour les années 1926, 1934-1946. |
| 546 | |aTexte en anglais seulement, 1918-1933; texte en anglais et en français, 1934-1946. |
| 550 | |aPubl. 1921-1932 par la Section des produits forestiers; 1933-1943 par la Branche forestière; 1944-1946 par Statistiques des produits forestiers. |
| 692 | 07|2gccst|aLumber industry |
| 710 | 1 |aCanada. |bBureau fédéral de la statistique. |
| 710 | 1 |aCanada. |bBureau fédéral de la statistique. |bSection des produits forestiers. |
| 710 | 1 |aCanada. |bBureau fédéral de la statistique. |bSection forestière. |
| 710 | 1 |aCanada. |bBureau fédéral de la statistique. |bStatistiques des produits forestiers. |
| 791 | |tThe lumber industry in Canada |eeng|w(CaOODSP)9.864437 |
| 794 | |tThe lumber industry |w(CaOODSP)9.864396 |